| 000 | 00693nam a2200193 i 4500 | ||
|---|---|---|---|
| 001 | 90148 | ||
| 003 | ES-MaACL | ||
| 005 | 20250909180114.0 | ||
| 007 | t| | ||
| 008 | 050118s1919 fr ||||1| fre d | ||
| 100 | 1 |
_aLefranc, Abel, _d1863-1952 _971251 |
|
| 245 | 1 | 0 |
_aSous le masque de "William Shakespeare" _b: William Stanley, VIe comte de Derby, avec 4 portraits et 5 fac-similés. / _cAbel Lefranc. |
| 260 |
_aParis : _bPayot, _c1919 ( _eMayenne : _fCh. Colin) |
||
| 300 |
_a2 v. ; _c19 cm. |
||
| 600 | 1 | 4 |
_aShakespeare, William, _d1564-1616 _9105992 |
| 600 | 1 | 7 |
_aDerby, William Stanley, _cEarl of, _d-1642 _2 _9158532 |
| 852 |
_aES-MaACL _jF-5841-42 |
||
| 999 |
_c90148 _d90148 |
||